000 00568nam a2200205Ia 4500
005 20250923145443.0
008 008 250917s9999 xx 000 0 eng d
037 _aTextual
040 _aDSWL
_beng
_cDSWL
041 _aeng
_2eng
084 _aYX;6-E1.5, N68
_qDSWL
100 _aHands, A.R.
_9835477
245 0 _aCharities and Social Aid in Greece and Rom
_c by A.R.Hands
260 _bThames and Hudson
_c1968
300 _a222 p.
365 _aUSD
_b12
925 _g12
942 _cTEXL
_hYX;6-E1.5, N68
999 _c1451529
_d1451529